000 00565nam a2200193Ii 4500
003 JO-AjNU
008 230606s9999||||xx |||||||||||||| ||und||
040 _aJO-AjNU
_beng
_erda
_cJO-AjNU
041 _aeng
050 1 4 _aT58.5.A73 2000
100 3 _azarka university,
_eauthor
_95038
245 0 4 _aThe 2000 arab conference on information technology
264 3 1 _azarka university ,2000
300 _a268P
336 _atext
_btxt
_2rdacontent
337 _aunmediated
_bn
_2rdamedia
338 _avolume
_bnc
_2rdacarrier
650 4 _aEngineering Graphics
_95039
999 _aE2606
_c2604
_d2604